Náklady a hodnota informačných technológií
Náklady na informačné technológie - súčasná situácia. Predpokladaný vývoj nákladov na IT. Vplyv informácií na pomoc ľuďom a spoločnosti. Zdroje informačných technológií. Manažment zdrojov. Manažment výkonnosti IT. Manažment hodnoty IT. Outsourcing ako možnosť znižovania nákladov na IT.
Enregistré dans:
| Auteur principal: | |
|---|---|
| Format: | Chapitre de livre |
| Langue: | slovaque |
| Sujets: | |
| Tags: |
Pas de tags, Soyez le premier à ajouter un tag!
|
MARC
| LEADER | 00000nla$a2200000$$$4500 | ||
|---|---|---|---|
| 001 | 0084158 | ||
| 005 | 20240521073251.3 | ||
| 041 | 0 | |a slo | |
| 044 | |a CZ | ||
| 245 | 1 | 0 | |a Náklady a hodnota informačných technológií |c Pavol Serina |
| 520 | |a Náklady na informačné technológie - súčasná situácia. Predpokladaný vývoj nákladov na IT. Vplyv informácií na pomoc ľuďom a spoločnosti. Zdroje informačných technológií. Manažment zdrojov. Manažment výkonnosti IT. Manažment hodnoty IT. Outsourcing ako možnosť znižovania nákladov na IT. | ||
| 610 | 2 | 0 | |a technológie informačné |
| 610 | 2 | 0 | |a technológie komunikačné |
| 610 | 2 | 0 | |a náklady |
| 610 | 2 | 0 | |a výkonnosť |
| 610 | 2 | 0 | |a riadenie |
| 610 | 2 | 0 | |a manažment |
| 610 | 2 | 0 | |a outsourcing |
| 100 | 1 | |a Serina, Pavol | |